Seguimiento del desarrollo del guayule (Parthenium argentatum) en la región de Languedoc Rousillon (Occitania, Francia) /
Guardado en:
| Autor Principal: | |
|---|---|
| Autor Corporativo: | |
| Otros Autores: | |
| Formato: | Libro |
| Idioma: | Spanish |
| Publicado: |
Bahía Blanca,
2021.
|
| Materias: | |
| Acceso en línea: | Acceso a texto completo |
| Etiquetas: |
Agregar Etiqueta
Sin Etiquetas, Sea el primero en etiquetar este registro!
|
| LEADER | 01311nam a22002655a 4500 | ||
|---|---|---|---|
| 001 | EEA.libagro011350 | ||
| 008 | 211029s2021####ag#ao#########000#0#spa#d | ||
| 005 | 20220201131203.0 | ||
| 245 | 1 | 0 | |a Seguimiento del desarrollo del guayule (Parthenium argentatum) en la región de Languedoc Rousillon (Occitania, Francia) / |c Hugo Ignacio Henriquez. |
| 260 | |a Bahía Blanca, |c 2021. | ||
| 300 | |a 45 h. : |b il. col., fot. col. ; |c 30 cm. | ||
| 500 | |a Trabajo de intensificación (Ingeniero Agrónomo) -- Universidad Nacional del Sur. Departamento de Agronomía, 2021. | ||
| 530 | |a Disponible también en línea. | ||
| 100 | 1 | |a Henriquez, Hugo Ignacio. | |
| 700 | 1 | |a Pellegrini, Cecilia N., |e tutor. | |
| 710 | 2 | |a Universidad Nacional del Sur. |b Departamento de Agronomía. | |
| 082 | 0 | 4 | |a 633.89 |2 20 |
| 650 | 7 | |a Parthenium argentatum |x Cultivo |z Francia |2 agrovoc | |
| 650 | 7 | |a Plantas lactíferas |2 agrovoc | |
| 650 | 7 | |a Agronomía--Enseñanza profesional (nivel universitario) |2 unbist | |
| 650 | 7 | |a Ingeniería agrícola--Enseñanza profesional (nivel universitario) |2 unbist | |
| 653 | |a Movilidad académica internacional | ||
| 653 | |a Práctica profesional | ||
| 856 | 4 | 1 | |3 Acceso a texto completo |u https://repositoriodigital.uns.edu.ar/xmlui/handle/123456789/5808 |
| 859 | |a AR-BbBCA |b BIB. AGRONOMIA |h 633.89 |i H519 |p 2021/7185 | ||
